|
|
|
|
| LEADER |
01284nam a2200349 i 4500 |
| 001 |
34378 |
| 003 |
BD-DhAAL |
| 005 |
20211207121047.0 |
| 008 |
190324t20182019nyua 001 0 eng |
| 999 |
|
|
|c 40512
|d 40512
|
| 010 |
|
|
|a 2018011931
|
| 020 |
|
|
|a 9781138559257 (pbk.)
|
| 020 |
|
|
|a 9781138559240 (hardback)
|
| 020 |
|
|
|z 9780203712955 (eBook)
|
| 040 |
|
|
|a DLC
|b eng
|c DLC
|e rda
|d DLC
|d BD-DhAAL
|
| 042 |
|
|
|a pcc
|
| 050 |
0 |
0 |
|a HC59.15
|b .S798 2019
|
| 082 |
0 |
0 |
|a 330.015195
|2 23
|
| 100 |
1 |
|
|a Steindel, Charles
|9 30509
|
| 245 |
1 |
0 |
|a Economic indicators for professionals :
|b putting the statistics into perspective /
|c Charles Steindel.
|
| 260 |
|
|
|a Lonodon ;
|a New York :
|b Routledge, Taylor & Francis Group,
|c 2019
|
| 300 |
|
|
|a xii, 222 pages :
|b illustrations ;
|c 25 cm
|
| 500 |
|
|
|a Includes index.
|
| 526 |
|
|
|a ESS
|
| 541 |
|
|
|a Parama
|e 34378
|
| 650 |
|
0 |
|a Economic indicators.
|9 30510
|
| 650 |
|
0 |
|a Economic policy.
|9 30511
|
| 650 |
|
0 |
|a Statistics
|x Economic aspects.
|9 30512
|
| 650 |
|
0 |
|a Economics.
|9 43506
|
| 852 |
|
|
|a Ayesha Abed Library
|c General Stacks
|
| 942 |
|
|
|2 ddc
|c BK
|
| 952 |
|
|
|0 0
|1 0
|2 ddc
|4 0
|6 330_015195000000000_STE
|7 0
|9 65137
|a BRACUL
|b BRACUL
|c GEN
|d 2019-02-26
|e Parama
|g 2129.29
|l 1
|m 16
|o 330.015195 STE
|p 3010034378
|r 2023-02-05
|s 2022-10-10
|t 1
|v 2129.29
|w 2019-02-26
|y BK
|